| 000 | 00423nam a22001697a 4500 | ||
|---|---|---|---|
| 003 | NUST - PNEC | ||
| 005 | 20170116180949.0 | ||
| 008 | 150907b xxu||||| |||| 00| 0 eng d | ||
| 020 | _a8121924502 | ||
| 040 | _cLIBRARY | ||
| 082 | _a621.381 MEH | ||
| 100 |
_99041 _aMehta, V.K. |
||
| 245 |
_aPrinciples of electronics _cV.K. Mehta |
||
| 260 | _cc.1980 | ||
| 650 |
_99043 _aElectronics engineering _xEE |
||
| 942 |
_2ddc _cBK |
||
| 999 |
_c66354 _d66354 |
||